000 00802nam a2200241Ia 4500
003 OSt
005 20221005105333.0
006 a|||||r|||| 00| 0
007 ta
008 221004b |||||||| |||| 00| 0 hin d
024 _a30240
037 _cTextual
040 _aCRL
_cCRL
_bhin
041 _2hin
_ahin
082 _aV1N4.N9, N9
100 _aसिंह, बैकुण्ठनाथ
245 0 _aसंयुक्त राष्ट्रसंघ, ्र्र
246 _aSanyukta rāṣhṭrasangha, rra
260 _aनई दिल्ली
_bज्ञानदा प्रकाशन भारत
_c1999
300 _a284पृ.
_ccm.
942 _hV1N4.N9, N9
_cTEXL
_2cc
999 _c1015512
_d1015512